Quiz sur les collectivités et territoires d'outre-mer - Statistiques

Statistiques générales
  • Ce quiz a été pris 73 fois
  • Le résultat moyen est 8 sur 20
Statistiques - réponses
Question Réponse % Correct
Pays qui partage avec la France l'île de Saint-Martin. Pays-Bas
88%
Commune la plus peuplée de France n'appartenant à aucun département Nouméa (94 285 hab)
69%
Collectivité sur laquelle est située la commune précédente. Nouvelle-Calédonie
69%
Nom du territoire antarctique revendiqué par la France Terre Adélie
66%
Ile de Polynésie française mondialement connue pour ses bungalows sur pilotis et son relief volcanique aboutissant au mont Otemanu. Bora-Bora
44%
Pays le plus proche de Clipperton Mexique
44%
Acronyme sous lequel est connue la collectivité regroupant entre autre les îles Kerguelen, l'archipel Crozet ou en ecore les îles Saint-Paul et Nouvelle-Amsterdam. TAAF
42%
Monnaie locale utilisée en Nouvelle-Calédonie, à Wallis-et-Futuna et en Polynésie Française Franc Pacifique
41%
Chanteur connu pour ses villas à Saint-Barthélemy et sa sépulture au cimetière de Lorient. Johnny Hallyday
41%
Personne à qui l'on doit le nom de l'île de Saint-Barthélemy, hommage à son frère Bartolomeo. Christophe Colomb
39%
Particularité de l'eau du lagon de Clipperton, fait unique au monde. Elle est douce
38%
Elément chimique dont la Nouvelle-Calédonie détient entre 20% et 30% des réserves mondiales connues Nickel
38%
Poisson dont la pêche a été une importante source de revenu pour Saint-Pierre-et-Miquelon Morue
36%
Drapeaux (citez un des trois) que l'on retrouve sur le drapeau local de Saint-Pierre-et-Miquelon (n'ayant aucune valeur officielle). Drapeau basque, drapeau breton et drapeau normand
34%
Particularité de Wallis et Futuna qui n'est pas constitué de communes mais de 3 ... Royaumes
31%
Emblème floral de la Polynésie française, essentiel dans la confection du monoï. Fleur de Tiaré
30%
Nom donné à l'ensemble des îles revendiquées par Madagascar, Maurice et les Comores mais appartenant à la France. Iles Eparses
25%
Nom de l'archipel de Polynésie française situé le plus au nord. Iles Marquises
23%
Plus grande ville de l'île de Saint-Martin Marigot
17%
Chef lieu de Wallis-et-Futuna et localité la plus peuplée de la collectivité Mata Utu
17%
Aucun quiz correspondant
Distribution des résultats
% des personnes avec chaque résultat
Percentile par nombre de réponses
Votre historique - résultats
Vous n’avez pas pris ce quiz